| 000 | 00526nam a2200205Ia 4500 | ||
|---|---|---|---|
| 005 | 20140407083416.0 | ||
| 008 | 140130s9999 xx 000 0 und d | ||
| 020 | _a9780439271493 | ||
| 050 |
_aQL 763 _b.C37 2002 |
||
| 100 |
_aCarle, Eric. _91464 |
||
| 245 |
_cEric Carie / _aDoes a Kangaroo Have a Mother ,Too? |
||
| 260 |
_bScholastic Inc, _c2000. _aUSA : |
||
| 300 |
_a24 p. : _bill. col. ; _c20 cm. |
||
| 440 |
_v1 _931008 |
||
| 521 | _aBR | ||
| 526 | _cBR | ||
| 942 |
_cBK _2lcc |
||
| 999 |
_c41481 _d41481 |
||